Sports Quiz

Random Sports Quiz

2008 PWI 250 Quiz Stats

 Plays Quiz not verified by Sporcle

Also try: 2007 PWI 250
Challenge
Share
Tweet
Embed
Score 0/250 Timer 15:00
1 Play Today
# Wrestler % Correct
#5'The Rated-R Superstar' Edge
97.7%
#2Kurt Angle
97.7%
#21'The Phenomenal' AJ Styles
97.7%
#1Randy Orton
97.7%
#9John Cena
97.7%
#3Triple H
95.5%
#18Jeff Hardy
95.5%
#24CM Punk
95.5%
#41Matt Hardy
93.2%
#79Cody Rhodes
93.2%
#19'Nature Boy' Ric Flair
90.9%
#6The Undertaker
90.9%
#63Carlito
90.9%
#43John Morrison
90.9%
#54The Miz
90.9%
#33Kane
88.6%
#36Chavo Guerrero
88.6%
#14Christian Cage
88.6%
#15Batista
88.6%
#7'The Heartbreak Kid' Shawn Michaels
88.6%
#127Black Reign (Dustin Rhodes, Goldust)
88.6%
#95Curry Man (Christopher Daniels)
86.4%
#13Bryan Danielson (Daniel Bryan)
86.4%
#4Samoa Joe
86.4%
#38Robert Roode
86.4%
#42'Cowboy' James Storm
86.4%
#35Mr. Kennedy
86.4%
#84Sting
86.4%
#78Brother Ray (Bubba Ray Dudley)
86.4%
#29Chris Jericho
86.4%
#40John Bradshaw Layfield
84.1%
#34Booker T
84.1%
#51The Big Show
84.1%
#82Brother Devon (D-Von Dudley)
84.1%
#187Ted DiBiase, Jr.
84.1%
#132Kip James (Billy Gunn)
81.8%
#96Trevor Murdoch
81.8%
#76Kofi Kingston
81.8%
#88Tyler Black (Seth Rollins)
81.8%
#59Rey Mysterio
79.5%
#65'The World's Strongest Man' Mark Henry
79.5%
#10Shinsuke Nakamura
79.5%
#23MVP
79.5%
#226Sheamus
79.5%
#37Umaga
77.3%
#189Nick Nemeth (Dolph Ziggler)
77.3%
#186Kevin Nash
77.3%
#61Rhino
75%
#60Super Eric (Eric Young)
75%
#31Austin Aries
75%
#163Eddie Colón (Primo)
75%
#52Claudio Castagnoli (Antonio Cesaro)
75%
#143El Generico (Sami Zayn)
75%
#129Kevin Steen (Kevin Owens)
75%
#12Último Guerrero
72.7%
#45Kaz (Kazarian)
72.7%
#69Chris Sabin
72.7%
#62'The Gold Standard' Shelton Benjamin
70.5%
#139BG James (Road Dogg)
70.5%
#17Místico (Sin Cara)
70.5%
#83The Great Khali
70.5%
#106Festus (Luke Gallows)
70.5%
#75Orlando Colón (Epico)
70.5%
#55William Regal
68.2%
#114Tommy Dreamer
68.2%
#70Alex Shelley
68.2%
#64'Big Poppa Pump' Scott Steiner
68.2%
#241TJ Wilson (Tyson Kidd)
68.2%
#247Josh Daniels
68.2%
#116Paul London
65.9%
#73Dos Caras, Jr. (Alberto Del Rio)
65.9%
#56Finlay
65.9%
#91Santino Marella
65.9%
#222Jake Hager (Jack Swagger)
65.9%
#94R-Truth
63.6%
#111'The' Brian Kendrick
63.6%
#197DH Smith (David Hart Smith)
63.6%
#27'Black Machismo' Jay Lethal
63.6%
#168Mike DiBiase, Jr.
63.6%
#80Lance Cade
61.4%
#72Hernandez
61.4%
#119Jushin Thunder Liger
59.1%
#67Homicide
59.1%
#92Hardcore Holly
59.1%
# Wrestler % Correct
#126'The Blueprint' Matt Morgan
59.1%
#153Joey Mercury
56.8%
#125Jamie Noble
56.8%
#8Nigel McGuinness (Desmond Wolfe)
56.8%
#190Braden Walker (Chris Harris)
56.8%
#48'Maple Leaf Muscle' Petey Williams
56.8%
#223'The Masterpiece' Chris Masters
56.8%
#97KENTA
56.8%
#20Hiroshi Tanahashi
56.8%
#250Sabu
56.8%
#147Jesse
56.8%
#16Keiji Mutoh
54.5%
#210Stevie Richards
54.5%
#53Giant Bernard (Tensai)
54.5%
#104'The Monster' Abyss
54.5%
#215Evan Bourne
54.5%
#107Davey Richards
54.5%
#219Drew McIntyre
54.5%
#87Mitsuharu Misawa
52.3%
#142Juventud Guerrera
50%
#184Charlie Haas
50%
#245Colt Cabana
50%
#58Chris Hero
50%
#49Jay Briscoe
50%
#50Mark Briscoe
50%
#195Consequences Creed (Xavier Woods)
50%
#213Rikishi
50%
#220D'Lo Brown
50%
#86Kenta Kobashi
47.7%
#227Low Ki
47.7%
#160Jimmy Rave
47.7%
#149Vladimir Kozlov
47.7%
#140Zack Ryder
47.7%
#141Curt Hawkins
47.7%
#103Roderick Strong
45.5%
#134Snitsky
45.5%
#99Elijah Burke
45.5%
#159'The Prince of Punk' Shannon Moore
43.2%
#11Takeshi Morishima
43.2%
#151Mike Knox
43.2%
#200PAC (Adrian Neville)
43.2%
#236Teddy Hart
43.2%
#25Tomko
40.9%
#150Lance Hoyt (Lance Archer)
40.9%
#165Deuce (Sim Snuka)
40.9%
#66Chuck Palumbo
40.9%
#234Hiroyoshi Tenzan
38.6%
#154Big Daddy V (Viscera)
38.6%
#239Puma (TJ Perkins)
38.6%
#194Super Crazy
38.6%
#30Kensuke Sasaki
36.4%
#57Yuji Nagata
36.4%
#166Matt Striker
36.4%
#100Toshiaki Kawada
36.4%
#47Minoru Suzuki
36.4%
#224Daivari
36.4%
#233Kenzo Suzuki
36.4%
#93Satoshi Kojima
34.1%
#170Steve Corino
34.1%
#122'Stone Cold' Shark Boy
34.1%
#81Sonjay Dutt
34.1%
#117Jerry Lynn
34.1%
#169Domino
34.1%
#193Heath Miller (Heath Slater)
34.1%
#101Nick Dinsmore (Eugene)
31.8%
#90Naomichi Marufuji
31.8%
#185JTG
31.8%
#172Marco Corleone (Mark Jindrak)
29.5%
#74'The Emo Warrior' Jimmy Jacobs
29.5%
#89Masato Tanaka
29.5%
#28Dr. Wagner, Jr.
27.3%
#22Perro Aguayo, Jr.
27.3%
#177Shad Gaspard
27.3%
#183Joey Ryan
27.3%
#155Masahiro Chono
27.3%
#207Tiger Mask IV
25%
#144Jimmy Wang Yang
25%
#108Rocky Romero
25%
#135Togi Makabe
25%
#212L.A. Par-K
22.7%
#221'Primetime' Elix Skipper
22.7%
#120Brent Albright
22.7%
#26El Mesías (Mil Muertes)
22.7%
#136Erick Stevens
22.7%
# Wrestler % Correct
#204Rob Eckos (Robbie E)
22.7%
#179Eric Pérez (Eric Escobar)
22.7%
#228Kid Kash
22.7%
#85El Hijo del Santo
20.5%
#176Manabu Nakanishi
20.5%
#44'Scrap Iron' Adam Pearce
20.5%
#130Johnny Devine
20.5%
#39Suwama
20.5%
#164Yoshihiro Takayama
20.5%
#145Jack Evans
18.2%
#32Cibernético
18.2%
#171Shawn Spears (Tye Dillinger)
18.2%
#161Rellik (Johnny Stamboli)
18.2%
#243Balls Mahoney
15.9%
#46CIMA
15.9%
#68El Averno
15.9%
#249La Parka, Jr.
15.9%
#2302 Cold Scorpio
15.9%
#205'The Cuban Crippler' Ricky Reyes
15.9%
#112Negro Casas
13.6%
#201Katsuhiko Nakajima
13.6%
#121Blue Demon, Jr.
13.6%
#162Necro Butcher
13.6%
#246Chris Cage (Caylen Croft)
13.6%
#218Shinjiro Otani
11.4%
#146Mr. Aguila (Essa Rios)
11.4%
#131Paul Burchill
11.4%
#157Mike Quackenbush
11.4%
#192La Sombra (Andrade Almas)
11.4%
#214Ryusuke Taguchi
11.4%
#123Héctor Garza
9.1%
#181The Dragon Kid
9.1%
#152BJ Whitmer
9.1%
#156Delirious
9.1%
#208Matt Cross
9.1%
#211Tatsumi Fujinami
9.1%
#178Go Shiozaki
9.1%
#182Toru Yano
9.1%
#244'Dangerous' Danny Doring
6.8%
#109Atlantis
6.8%
#105El Mephisto
6.8%
#71El Zorro
6.8%
#198Robbie McAllister
6.8%
#191Volador, Jr.
6.8%
#137Masato Yoshino (YOSSINO)
6.8%
#188The Human Tornado
6.8%
#77Alan Stone
6.8%
#174Yoshinobu Kanemaru
6.8%
#203Scott Lost
6.8%
#231Ace Steel
6.8%
#115Rey Bucanero
4.5%
#238La Máscara
4.5%
#196Rory McAllister
4.5%
#98Charly Manson
4.5%
#225Naruki Doi
4.5%
#216Jay Bradley (Ryan Braddock)
4.5%
#102Chessman
4.5%
#199Ruckus
4.5%
#202Jigsaw
4.5%
#217Josh Prohibition
4.5%
#229Hiromi Horiguchi
4.5%
#235Ricky Vega (Machete)
4.5%
#240Heavy Metal
2.3%
#158Milano Collection AT
2.3%
#113Halloween
2.3%
#124Blitz
2.3%
#138Mr. Niebla
2.3%
#148Joe Doering
2.3%
#175Glen Osbourne
2.3%
#180Rory Fox
2.3%
#128Black Warrior
0%
#133Sangre Azteca
0%
#209El Sagrado
0%
#110El Cóndor (Ray González)
0%
#118Wataru Inoue
0%
#167Chicano
0%
#173Bryan Logan
0%
#206Billy Bax
0%
#232Adam Flash
0%
#237Minoru Fujita
0%
#242TARU
0%
#248KUDO
0%

You're not logged in!

Compare scores with friends on all Sporcle quizzes.
OR
Log In

You Might Also Like...

Show Comments

Extras

Created Dec 6, 2016SourceReportNominate
Tags:2008, PWI, wrestlers, wrestling

Top Quizzes Today


Score Distribution

Your Account Isn't Verified!

In order to create a playlist on Sporcle, you need to verify the email address you used during registration. Go to your Sporcle Settings to finish the process.

Report this User

Report this user for behavior that violates our Community Guidelines.

Details: